UBT Library

The globalization of world politics : (Record no. 44232)

000 -LEADER
fixed length control field 00785cam a22002414a 4500
001 - CONTROL NUMBER
control field 12483689
005 - DATE AND TIME OF LATEST TRANSACTION
control field 20180306093605.0
008 - FIXED-LENGTH DATA ELEMENTS--GENERAL INFORMATION
fixed length control field 010726s2001 enka b 001 0 eng
010 ## - LIBRARY OF CONGRESS CONTROL NUMBER
LC control number 2001036906
020 ## - INTERNATIONAL STANDARD BOOK NUMBER
International Standard Book Number 0198782632
040 ## - CATALOGING SOURCE
Original cataloging agency DLC
Transcribing agency DLC
Modifying agency DLC
041 ## - LANGUAGE CODE
Language code of text/sound track or separate title eng
042 ## - AUTHENTICATION CODE
Authentication code pcc
080 ## - UNIVERSAL DECIMAL CLASSIFICATION NUMBER
Universal Decimal Classification number 327.101 joh
082 00 - DEWEY DECIMAL CLASSIFICATION NUMBER
Classification number 327.101 joh
Edition number 21
100 ## - Rafti
Rafti 24
101 ## - Shkurtesa
Shkurtesa pol
245 04 - TITLE STATEMENT
Title The globalization of world politics :
Statement of responsibility, etc edited by John Baylis and Steve Smith.
504 ## - BIBLIOGRAPHY, ETC. NOTE
Bibliography, etc Includes bibliographical references and index.
906 ## - LOCAL DATA ELEMENT F, LDF (RLIN)
a 7
b cbc
c orignew
d 1
e ocip
f 20
g y-gencatlg
942 ## - ADDED ENTRY ELEMENTS (KOHA)
Source of classification or shelving scheme
Item type Books
Holdings
Withdrawn status Lost status Source of classification or shelving scheme Damaged status Not for loan Collection code Permanent location Current location Shelving location Date acquired Total Checkouts Full call number Barcode Date last seen Price effective from Koha item type
          Koleksioni Referal UBT - Lipjan UBT - Lipjan Koleksioni i përgjithshem 03/06/2018   327.101 joh 002-3000676 03/06/2018 03/06/2018 Books
UBT Library © 2015-2024. All rights reserved University Education for Business and Technology